| 000 | 00703nam a22001937a 4500 | ||
|---|---|---|---|
| 001 | BD-DhSAU 9834 | ||
| 003 | BD-DhSAU | ||
| 005 | 20150625092052.0 | ||
| 008 | 150625b1990 bg ||||r|||| 000 0 ben d | ||
| 040 | _aBD-DhSAU | ||
| 082 |
_222 _a--- _bনূরবি |
||
| 100 | _aনূর, মোঃ মনিরুজ্জামান | ||
| 245 |
_aবিপ্লবী নূর : _cমোঃ মনিরুজ্জামান নূর _b(ট্রাইজম) / |
||
| 260 |
_aঢাকা : _bমোঃ মনিরুজ্জামান নূর, _c১৯৯০. |
||
| 300 |
_a২০৪ পৃ. : _c২২ সেমি |
||
| 590 | _ajoy | ||
| 650 | _aউপন্যাস | ||
| 942 |
_2ddc _cBOOK |
||
| 999 |
_c9834 _d9833 |
||